000 00674nam a2200205 i 4500
001 60356
003 ES-MaACL
005 20250809064949.0
007 t|
008 031104m19511957sp ||||1| spa d
100 1 _aEspín Cánovas, Diego.
_947828
245 1 0 _aManual de derecho civil español /
_cDiego Espín Cánovas.
260 _aMadrid :
_bRevista de Derecho Privado,
_c[1951-1957]
300 _a4 v. ;
_c23 cm.
490 1 _aManuales de derecho, economía y hacienda ;
_v23
650 0 4 _aDerecho civil-
_zEspaña
_911659
830 1 0 _aManuales de derecho, economía y hacienda
_v23
_9182706
852 _aES-MaACL
_jE-4703-06
999 _c60356
_d60356